Score 0/16 Timer 04:00
4 Plays Today
Scrambled Mammal Unscrambled Mammal % Correct
YECOOTCOYOTE
91.6%
LAZELEGGAZELLE
87.9%
CHUMPKINCHIPMUNK
73.6%
BALLWAYWALLABY
67.8%
SNOBIBISON
66.6%
PIRATTAPIR
62%
HANEYHYENA
54.8%
ROXYORYX
43.4%
Scrambled Mammal Unscrambled Mammal % Correct
SPOORPIEPORPOISE
40.2%
NEATRATEANTEATER
35.4%
GROWHATWARTHOG
35.2%
EATMEANMANATEE
32.1%
BUCARIOCARIBOU
29.8%
HENPETALELEPHANT
24.3%
UPPERICONPORCUPINE
23.8%
MESHRATHAMSTER
15.2%

You're not logged in!

Compare scores with friends on all Sporcle quizzes.
OR
Log In

Sporcle TV

Today on Sporcle TV


Watch our educational content, quiz creation guides, and fun videos on Sporcle TV.

Show Comments

Extras

Top Quizzes Today


Score Distribution

Your Account Isn't Verified!

In order to create a playlist on Sporcle, you need to verify the email address you used during registration. Go to your Sporcle Settings to finish the process.

Report this User

Report this user for behavior that violates our Community Guidelines.

Details: